| 000 | 00491nam a22001937a 4500 | ||
|---|---|---|---|
| 003 | MPLRDC | ||
| 005 | 20220104155630.0 | ||
| 008 | 210129b ||||| |||| 00| 0 eng d | ||
| 020 | _a962-14-2043-1 | ||
| 082 | _a411.3 BREW | ||
| 100 | _aSarah Brewer, M.D. | ||
| 245 |
_a识饮识食 _c张文斯译 |
||
| 250 | _a初版 | ||
| 260 |
_a香港 _b万里机构. 万里书店 _c2001 |
||
| 300 | _b平 | ||
| 490 | _a魅力男士系列 | ||
| 650 | _a营养与食品 | ||
| 942 |
_cBK _o411.3 BREW |
||
| 999 |
_c54594 _d54584 |
||